[Event "Berkshire Berks & Bucks op-C"]
[Site "Berkshire"]
[Date "2023.08.26"]
[Round "1"]
[White "Belur, Ankita"]
[Black "Horwood, Alexander"]
[Result "1-0"]
[WhiteElo "1442"]
[BlackElo "1204"]
[PlyCount "103"]
[EventDate "2023.08.26"]
[EventType "swiss"]
[EventRounds "6"]
[EventCountry "ENG"]
[SourceTitle "EXT 2024"]
[Source "ChessBase"]
[SourceDate "2023.10.10"]
[SourceVersion "1"]
[SourceVersionDate "2023.10.10"]
[SourceQuality "1"]

1. c4 Nf6 2. Nf3 g6 3. Nc3 d6 4. g3 c5 5. Bg2 Bg7 6. 0-0 0-0 7. Rb1 Nc6 8. d3 a6 9. a3 Be6 10. b4 cxb4 11. axb4 d5 12. Ng5 h6 13. Nxe6 fxe6 14. b5 Ne5 15. bxa6 bxa6 16. Na4 Rc8 17. Bh3 Kf7 18. Rb6 Rc6 19. Qb3 dxc4 20. dxc4 Rxb6 21. Nxb6 g5 22. f3 Qd6 23. Ba3 Qd4+ 24. Kh1 Rb8 25. c5 Qd5 26. Qa4 Qc6 27. Qxa6 Ned7 28. Rb1 Nxc5 29. Bxc5 Qxc5 30. Bxe6+ Kf8 31. Qa7 Qd6 32. Kg2 Rd8 33. Bc4 g4 34. Qa5 gxf3+ 35. exf3 Nd7 36. Qf5+ Nf6 37. Qe6 Qxe6 38. Bxe6 Rd6 39. Bc4 Rc6 40. Rb4 Rd6 41. Na8 Rd8 42. Nc7 Rd2+ 43. Kh3 Bh8 44. Rb8+ Kg7 45. Ne6+ Kh7 46. Rf8 Rd6 47. Rf7+ Kg6 48. Rxe7 Nh5 49. Nf8+ Kg5 50. f4+ Kf5 51. Be6+ Kf6 52. Rf7# 1-0

[Event "BCF-chT4 2223 (4NCL)"]
[Site "England"]
[Date "2023.04.30"]
[Round "10.124"]
[White "Kocan, Barry A"]
[Black "Horwood, Alexander"]
[Result "1-0"]
[WhiteElo "1620"]
[BlackElo "1239"]
[PlyCount "91"]
[EventDate "2022.11.05"]
[EventType "team-swiss"]
[EventRounds "11"]
[EventCountry "ENG"]
[SourceTitle "EXT 2024"]
[Source "ChessBase"]
[SourceDate "2023.10.10"]
[SourceVersion "1"]
[SourceVersionDate "2023.10.10"]
[SourceQuality "1"]
[WhiteTeam "Oxford IV"]
[BlackTeam "Cambridge University"]
[WhiteTeamCountry "ENG"]
[BlackTeamCountry "ENG"]

1. e4 c5 2. Nf3 d6 3. d4 cxd4 4. Nxd4 Nf6 5. Nc3 g6 6. f3 Bg7 7. Be3 0-0 8. Qd2 Nc6 9. 0-0-0 a5 10. g4 Ne5 11. h4 Qc7 12. Ncb5 Qb8 13. h5 Nc6 14. hxg6 hxg6 15. Bh6 Bxg4 16. fxg4 Nxg4 17. Bxg7 Kxg7 18. Be2 Nxd4 19. Qxd4+ e5 20. Qd2 Qc8 21. Bxg4 Qxg4 22. Qh6+ Kf6 23. Rxd6+ Ke7 24. Qe3 Rfd8 25. Rhd1 Qf4 26. Qxf4 exf4 27. Rxd8 Rxd8 28. Rxd8 Kxd8 29. Nd4 g5 30. Kd2 g4 31. Ke2 Ke7 32. Kd3 Kd6 33. a4 Ke5 34. c3 g3 35. Nf3+ Ke6 36. b4 f5 37. e5 g2 38. Kd4 b6 39. bxa5 bxa5 40. c4 Ke7 41. Kd5 Kd7 42. c5 Kc7 43. e6 Kc8 44. Kd6 Kd8 45. e7+ Ke8 46. c6 1-0

[Event "Berks & Bucks Challengers op"]
[Site "Maidenhead"]
[Date "2022.08.28"]
[Round "3"]
[White "Forbes, Douglas M"]
[Black "Horwood, Alexander"]
[Result "1-0"]
[WhiteElo "1529"]
[BlackElo "1177"]
[PlyCount "89"]
[EventDate "2022.08.27"]
[EventType "swiss"]
[EventRounds "6"]
[EventCountry "ENG"]
[SourceTitle "EXT 2023"]
[Source "ChessBase"]
[SourceDate "2022.10.05"]
[SourceVersion "1"]
[SourceVersionDate "2022.10.05"]
[SourceQuality "1"]

1. g4 g6 2. d4 Bg7 3. Bg2 d5 4. h3 Nc6 5. c3 e5 6. dxe5 Nge7 7. f4 f5 8. exf6 Bxf6 9. Nf3 Qd6 10. Na3 a6 11. Nc2 Bd7 12. e3 0-0-0 13. Ncd4 Nxd4 14. exd4 Rde8 15. Kf2 h5 16. g5 Bg7 17. Ne5 Bxe5 18. dxe5 Qc5+ 19. Be3 Qb5 20. b3 Bc6 21. Bf1 Qa5 22. b4 Qa3 23. Qc1 Qxc1 24. Bxc1 d4 25. Bg2 Bxg2 26. Kxg2 dxc3 27. Rd1 Rd8 28. Ba3 Rxd1 29. Rxd1 Rd8 30. Rxd8+ Kxd8 31. Kf3 Nd5 32. Ke4 c6 33. f5 gxf5+ 34. Kxf5 Ke7 35. g6 h4 36. Kg5 Ke6 37. Kxh4 Kxe5 38. Kg5 Ke6 39. Kh6 Kf6 40. h4 Ne7 41. h5 Nf5+ 42. Kh7 Ng7 43. h6 Nf5 44. g7 Nxh6 45. Kxh6 1-0